Les sources du droit de la République Populaire Hongroise
Elmentve itt :
| Szerző: | |
|---|---|
| Dokumentumtípus: | Cikk |
| Megjelent: |
1967
|
| Sorozat: | Kolligátum
|
| Kulcsszavak: | Jogforrások - magyar jogrendszer |
| Online Access: | http://misc.bibl.u-szeged.hu/22860 |
| LEADER | 00572nab a2200169 i 4500 | ||
|---|---|---|---|
| 001 | misc22860 | ||
| 005 | 20191108150003.0 | ||
| 008 | 170725s1967 hu o 0|| zxx d | ||
| 040 | |a SZTE Miscellanea Repozitórium |b hun | ||
| 041 | |a zxx | ||
| 100 | 1 | |a Kovács István | |
| 245 | 1 | 4 | |a Les sources du droit de la République Populaire Hongroise |h [elektronikus dokumentum] / |c Kovács István |
| 260 | |c 1967 | ||
| 300 | |a 653-674 | ||
| 490 | 0 | |a Kolligátum | |
| 695 | |a Jogforrások - magyar jogrendszer | ||
| 856 | 4 | 0 | |u http://misc.bibl.u-szeged.hu/22860/1/04207_653-674.pdf |z Dokumentum-elérés |